| Tag |
First Indicator |
Second Indicator |
Subfields |
| LEADER |
00000cgm a2200000 a 4500 |
| 001 |
in00005607331 |
| 006 |
m o c |
| 007 |
cr |za|||||||a |
| 007 |
vz |zazu| |
| 008 |
140509s2013 vau111 g o vleng d |
| 005 |
20241214204558.0 |
| 035 |
|
|
|a (OCoLC)ocn881549183
|
| 040 |
|
|
|a ALSTP
|b eng
|e pn
|c ALSTP
|d OCLCO
|d OCLCF
|d OCLCQ
|d OCLCO
|d OCLCA
|d OCLCQ
|d ICG
|d INT
|d AU@
|d OCLCQ
|d WYU
|d TKN
|d OCLCA
|d OCL
|d OCLCO
|d OCLCL
|d OCLCQ
|d CJT
|d YWS
|
| 019 |
|
|
|a 1373495368
|
| 035 |
|
|
|a (OCoLC)881549183
|z (OCoLC)1373495368
|
| 050 |
|
4 |
|a RC480
|
| 049 |
|
|
|a TXAM
|
| 245 |
0 |
0 |
|a Trauma informed child centered play therapy /
|c presented by Jennifer Baggerly.
|
| 260 |
|
|
|a Alexandria, VA :
|b Microtraining Associates,
|c 2013.
|
| 300 |
|
|
|a 1 online resource (111 min.).
|
| 306 |
|
|
|a 015031
|
| 336 |
|
|
|a two-dimensional moving image
|b tdi
|2 rdacontent
|
| 337 |
|
|
|a computer
|b c
|2 rdamedia
|
| 338 |
|
|
|a online resource
|b cr
|2 rdacarrier
|
| 347 |
|
|
|a data file
|2 rda
|
| 490 |
0 |
|
|a Counseling and therapy in video, volume 3
|
| 500 |
|
|
|a Title from resource description page (viewed May 8, 2014).
|
| 520 |
|
|
|a This video integrates cutting edge children's mental health information with demonstrations and vignettes of trauma-informed child centered play therapy (TICCPT). After viewing this video, viewers will be able to: " Synthesize the neurophysiological and psychological impact of trauma on children." Identify trauma-informed principles for working with children." Describe and demonstrate TICCPT for establishing safety, facilitating a restorative retelling of the trauma narrative, and promoting healthy connections with family and community.
|
| 546 |
|
|
|a This edition in English.
|
| 650 |
|
0 |
|a Play therapy.
|
| 650 |
|
0 |
|a Child psychotherapy.
|
| 650 |
|
2 |
|a Play Therapy
|
| 650 |
|
6 |
|a Ludothérapie.
|
| 650 |
|
6 |
|a Enfants
|x Psychothérapie.
|
| 650 |
|
7 |
|a Child psychotherapy.
|2 fast
|0 (OCoLC)fst00854569
|
| 650 |
|
7 |
|a Play therapy.
|2 fast
|0 (OCoLC)fst01066971
|
| 655 |
|
2 |
|a Lecture
|
| 655 |
|
4 |
|a Streaming videos.
|
| 655 |
|
7 |
|a lectures.
|2 aat
|
| 655 |
|
7 |
|a Lectures.
|2 fast
|0 (OCoLC)fst01919935
|
| 655 |
|
7 |
|a Nonfiction films.
|2 fast
|0 (OCoLC)fst01710269
|
| 655 |
|
7 |
|a Nonfiction films.
|2 lcgft
|
| 655 |
|
7 |
|a Lectures.
|2 lcgft
|
| 700 |
1 |
|
|a Baggerly, Jennifer.
|4 spk
|
| 758 |
|
|
|i has work:
|a Trauma Informed Child Centered Play Therapy (MovingImage)
|1 https://id.oclc.org/worldcat/entity/E39PCY8k3hMtqCMQ489jvFJtw3
|4 https://id.oclc.org/worldcat/ontology/hasWork
|
| 856 |
4 |
0 |
|u http://proxy.library.tamu.edu/login?url=https://www.aspresolver.com/aspresolver.asp?AVN2;2277985
|z Connect to this streaming video (Alexander Street Press)
|t 0
|
| 955 |
|
|
|a Alexander Street Press perpetual purchased Fall 2024 streaming video
|
| 994 |
|
|
|a 92
|b TXA
|
| 999 |
f |
f |
|s 14e8f45f-514c-4d1c-899a-5ae21a682b0f
|i 17ed1415-8c4b-4db3-9929-b016df9663b0
|t 0
|
| 952 |
f |
f |
|a Texas A&M University
|b College Station
|c Electronic Resources
|d Available Online
|t 0
|e RC480
|h Library of Congress classification
|
| 998 |
f |
f |
|a RC480
|t 0
|l Available Online
|